Rascal / (Record no. 166)

MARC details
000 -LEADER
fixed length control field 01409nam a22003737a 4500
001 - CONTROL NUMBER
control field 166
003 - CONTROL NUMBER IDENTIFIER
control field FISKH
005 - DATE AND TIME OF LATEST TRANSACTION
control field 20231211155436.0
008 - FIXED-LENGTH DATA ELEMENTS--GENERAL INFORMATION
fixed length control field 230301b cb ||||| |||| 00| 0 eng d
020 ## - INTERNATIONAL STANDARD BOOK NUMBER
International Standard Book Number 9780439165709
040 ## - CATALOGING SOURCE
Original cataloging agency DPB
Transcribing agency DPB
Modifying agency OCLCQ
-- BAKER
-- DLC
-- FISKH
Language of cataloging eng
050 00 - LIBRARY OF CONGRESS CALL NUMBER
Classification number MLCS 2006/42824 (P)
082 04 - DEWEY DECIMAL CLASSIFICATION NUMBER
Classification number 813/.52
-- B
Edition number 22
100 1# - MAIN ENTRY--PERSONAL NAME
Personal name North, Sterling,
Dates associated with a name 1906-1974.
245 10 - TITLE STATEMENT
Title Rascal /
Statement of responsibility, etc. by Sterling North ; illustrated by John Schoenherr.
260 ## - PUBLICATION, DISTRIBUTION, ETC.
Place of publication, distribution, etc. New York
Name of publisher, distributor, etc. Scholastic
Date of publication, distribution, etc. 1991
300 ## - PHYSICAL DESCRIPTION
Extent 189 p. :
Other physical details ill. ;
Dimensions 20 cm.
505 ## - FORMATTED CONTENTS NOTE
Formatted contents note Z1
520 ## - SUMMARY, ETC.
Summary, etc. The author recalls his carefree life in a small midwestern town at the close of World War I, and his adventures with his pet raccoon, Rascal.
521 8# - TARGET AUDIENCE NOTE
Target audience note 1140 <br/>
Source Lexile
521 8# - TARGET AUDIENCE NOTE
Target audience note Z1
600 10 - SUBJECT ADDED ENTRY--PERSONAL NAME
Personal name North, Sterling,
Dates associated with a name 1906-
General subdivision Childhood and youth.
650 #0 - SUBJECT ADDED ENTRY--TOPICAL TERM
Topical term or geographic name entry element Authors, American
Chronological subdivision 20th century
Form subdivision Biography.
650 #0 - SUBJECT ADDED ENTRY--TOPICAL TERM
Topical term or geographic name entry element Rascal (Raccoon)
650 #0 - SUBJECT ADDED ENTRY--TOPICAL TERM
Topical term or geographic name entry element Raccoon
Geographic subdivision Wisconsin
Form subdivision Biography.
650 #0 - SUBJECT ADDED ENTRY--TOPICAL TERM
Topical term or geographic name entry element Country life
Geographic subdivision Wisconsin.
650 #1 - SUBJECT ADDED ENTRY--TOPICAL TERM
Topical term or geographic name entry element Raccoon.
650 #1 - SUBJECT ADDED ENTRY--TOPICAL TERM
Topical term or geographic name entry element Country life
Geographic subdivision Wisconsin.
700 1# - ADDED ENTRY--PERSONAL NAME
Personal name Schoenherr, John,
Relator term ill.
856 42 - ELECTRONIC LOCATION AND ACCESS
Materials specified Contributor biographical information
Uniform Resource Identifier <a href="http://www.loc.gov/catdir/enhancements/fy0716/2004276659-b.html">http://www.loc.gov/catdir/enhancements/fy0716/2004276659-b.html</a>
856 42 - ELECTRONIC LOCATION AND ACCESS
Materials specified Publisher description
Uniform Resource Identifier <a href="http://www.loc.gov/catdir/enhancements/fy0716/2004276659-d.html">http://www.loc.gov/catdir/enhancements/fy0716/2004276659-d.html</a>
906 ## - LOCAL DATA ELEMENT F, LDF (RLIN)
a 7
b cbc
c copycat
d 3
e ncip
f 20
g y-gencatlg
942 ## - ADDED ENTRY ELEMENTS (KOHA)
Source of classification or shelving scheme Dewey Decimal Classification
Koha item type Books
Suppress in OPAC No
Holdings
Withdrawn status Lost status Source of classification or shelving scheme Damaged status Not for loan Collection Home library Current library Shelving location Date acquired Total Checkouts Full call number Barcode Date last seen Copy number Price effective from Koha item type
    Dewey Decimal Classification     Fiction Footprints International School Library Network Toul Kork Campus Footprints International School Library Network Toul Kork Campus   03/01/2023   NOR 813.54 PS3527.O585 FISTK04971 03/01/2023 1 03/01/2023 Books
    Dewey Decimal Classification     Fiction Footprints International School Library Network Toul Kork Campus Footprints International School Library Network Toul Kork Campus TTP Secondary Fiction Bookshelves 06/07/2024   NOR 813.54 PS3527.O585 2024-0839 06/07/2024 2 06/07/2024 Books